[Event "Muensterland Verbandsliga 0405"]
[Site "Muensterland"]
[Date "2005.04.16"]
[Round "8.7"]
[White "Engelkamp, Stephan"]
[Black "Witt, Sebastian"]
[Result "0-1"]
[WhiteElo "1826"]
[BlackElo "1823"]
[PlyCount "70"]
[EventDate "2004.09.18"]
[EventType "team"]
[EventRounds "9"]
[EventCountry "GER"]
[SourceTitle "EXT 2006"]
[Source "ChessBase"]
[SourceDate "2005.11.24"]
[SourceVersion "1"]
[SourceVersionDate "2005.11.24"]
[SourceQuality "1"]
[WhiteTeam "Olfen"]
[BlackTeam "Muenster III"]
[WhiteTeamCountry "GER"]
[BlackTeamCountry "GER"]

1. c4 Nf6 2. Nc3 e6 3. e4 d6 4. d4 Nbd7 5. Nf3 c6 6. Bd3 Qc7 7. 0-0 Be7 8. Re1 e5 9. h3 0-0 10. Be3 Re8 11. Qd2 Nf8 12. d5 Bd7 13. b4 b6 14. dxc6 Bxc6 15. Nd5 Qb7 16. Bg5 Nxd5 17. exd5 Bd7 18. Bxe7 Rxe7 19. c5 bxc5 20. bxc5 dxc5 21. Rab1 Qc8 22. Nxe5 Ng6 23. Bxg6 hxg6 24. d6 Re6 25. Nxd7 Qxd7 26. Qd5 Rae8 27. Rxe6 Rxe6 28. Rb8+ Kh7 29. Qa8 Re1+ 30. Kh2 Qxd6+ 31. g3 g5 32. Rh8+ Kg6 33. Qg8 Qd5 34. Qh7+ Kf6 35. g4 Qh1+ 0-1

[Event "Muensterland Verbandsliga 0304"]
[Site "Germany"]
[Date "2004.04.24"]
[Round "9.8"]
[White "Engelkamp, Stephan"]
[Black "Bartsch, Rainer"]
[Result "1/2-1/2"]
[WhiteElo "1791"]
[BlackElo "1691"]
[PlyCount "44"]
[EventDate "2003.09.27"]
[EventType "team"]
[EventRounds "9"]
[EventCountry "GER"]
[SourceTitle "EXT 2005"]
[Source "ChessBase"]
[SourceDate "2004.11.15"]
[SourceVersion "1"]
[SourceVersionDate "2004.11.15"]
[SourceQuality "1"]
[WhiteTeam "Olfen"]
[BlackTeam "Saerbeck Falke"]
[WhiteTeamCountry "GER"]
[BlackTeamCountry "GER"]

1. c4 e6 2. Nc3 d5 3. e4 d4 4. Nce2 e5 5. d3 Bb4+ 6. Bd2 Bxd2+ 7. Qxd2 c5 8. Nf3 Nc6 9. Nc1 f5 10. exf5 Bxf5 11. Be2 Nge7 12. Nb3 b6 13. Nh4 Bd7 14. Bf3 0-0 15. Be4 Qc7 16. Qg5 Rf6 17. 0-0 Raf8 18. Nd2 Nf5 19. Bd5+ Kh8 20. Ne4 Rh6 21. Nf3 Nce7 22. Rae1 Rg6 1/2-1/2